La ciencia de los alimentos en la práctica

Bibliographic Details
Main Author: Badui Dergal, Salvador
Format: Section = Libro
Language:Undetermined
Spanish
Published: México Pearson 2012
Subjects:
LEADER 00698nam a2200253Ia 4500
008 240830s9999 xx 000 0 und d
020 |a 978-607-32-0843-7 
040 |a CEDOC FIQ-RUSB / 664 B138 
041 |a spa 
082 |a 664 B138 
100 1 |a Badui Dergal, Salvador 
245 1 0 |a La ciencia de los alimentos en la práctica 
260 |a México  |b Pearson  |c 2012 
300 |a 295 p. :il 
650 7 |a COMPOSICION DE LOS ALIMENTOS 
650 7 |b  TECNOLOGIA QUIMICA 
650 7 |c  ALIMENTOS 
650 7 |d  AGUA-INDUSTRIA ALIMENTICIA 
650 7 |e  PROTEINAS 
650 7 |f  VITAMINAS EN LOS ALIMENTOS 
650 7 |g  ALIMENTOS TRANSGENICOS 
942 |c BK  |2 ddc 
991 |a TEXTO 
999 |c 13230